00976 2200157 4500245005600000250001100056100001800067650002600085005001900111260004000130041001400170084001100184300002500195500058900220336000900809 aMengenal Bisnis Desain FashioncAlya R. AisyahText aCet. 1 aAlya R. Aisya aBisnis Desain Fashion a20230929084741 aBandungbWahana Iptek Bandungc2002 aIndonesia a746.92 avi, 64 hlm. :cilus. aFenomena ini tentunya bisa dimanfaatkan sebagai peluang usaha. Melihat dari waktu ke waktu, perkembangan industri fasion khususnya pakaian terus menunjukan peningkatan yang sangat signifikan. Oleh karena itu, dibutuhkan para pekerja kreatif yang bisa menciptakan desain-desain segar dan inovatif untuk memenuhi kebutuhan masyarakat. Di dalam buku ini, pembaca akan mempelajari hal-hal yang berkaitan dengan dunia bisnis fashion, yang dimulai dari pengertian bisnis, kemudian merancang bisnis fashion. Dicontohkan pula, beberapa orang desainer tanah air yang berhasil di dunia fashion. atext